| 000 | 00691nam a2200181 4500 | ||
|---|---|---|---|
| 999 |
_c3686 _d3686 |
||
| 008 | 160804b xxu||||| |||| 00| 0 eng d | ||
| 022 | _a00014826 | ||
| 082 | _aDPer 657.05 Ac27 Nov 2015 v. 90, n. 6 | ||
| 100 |
_912274 _aSwanquist, Quinn T. |
||
| 243 | _aThe accounting review | ||
| 245 |
_aDo clients avoid "contaminated' offices? the economic consequences of low-quality audits/ _cQuinn T. Swanquist and Robert L. Whited. |
||
| 260 |
_aSarasota, Florida: _bAmerican Accounting Association, _c©2015. |
||
| 300 |
_av90 n6, pages 2537-2570; _c26 cm. |
||
| 500 | _aThe Accounting Review. | ||
| 650 | 0 |
_912275 _aAuditing |
|
| 700 |
_912276 _aWhited, Robert L. _eAuthor |
||
| 942 |
_2ddc _cPER |
||